000 00442nam a2200181Ia 4500
008 230725s2003 xx 000 0 und d
041 _aeng
082 _a615
_bNAF/RAN
100 _aNAFISSI MEHDI, RANGAN JOHN
245 _aMANUAL FOR PHARMACY TECHINICIANS
250 _a2ND
260 _bAMERICAN SOCIETY OF HEALTH SYSTEM
_c2003
300 _a375
365 _h20
500 _aTEXT BOOK
501 _aPH
650 _aPHARMACEUTICS
999 _c754631
_d754631